[Event "British Columbia-ch U20"]
[Site "Vancouver CAN"]
[Date "2022.11.19"]
[Round "2.2"]
[White "Aljo, Johan"]
[Black "Song, Ethan"]
[Result "0-1"]
[WhiteElo "1932"]
[BlackElo "2152"]
[PlyCount "89"]
[EventDate "2022.11.19"]
[EventType "swiss"]
[EventRounds "5"]
[EventCountry "CAN"]

1. d4 Nf6 2. c4 e6 3. Nf3 d5 4. g3 Bb4+ 5. Bd2 Bxd2+ 6. Nbxd2 O-O 7. Bg2 b6 8.
O-O Bb7 9. e3 Nbd7 10. b4 c5 11. bxc5 bxc5 12. Re1 Rc8 13. Rb1 Ba8 14. Rc1 Qe7
15. Qe2 Rfe8 16. h3 e5 17. dxe5 Nxe5 18. Nxe5 Qxe5 19. cxd5 Nxd5 20. Nb3 Nc3
21. Qc2 Bxg2 22. Kxg2 Ne4 23. Na5 h5 24. Nc4 Qd5 25. Rcd1 Qc6 26. f3 Ng5 27. e4
Qe6 28. Rh1 Rcd8 29. Rxd8 Rxd8 30. h4 Nh7 31. Ne3 Nf6 32. Rb1 Qa6 33. Rb2 Qa5
34. Kf2 g6 35. Nc4 Qc7 36. Qc3 Ne8 37. Ne3 Qd6 38. Nd5 Qe6 39. Kg2 Nd6 40. Nf6+
Kf8 41. Rd2 Rc8 42. Nd5 Kg8 43. Nf6+ Kf8 44. Nd5 Kg8 45. Qf6 0-1

[Event "British Columbia-ch U20"]
[Site "Vancouver CAN"]
[Date "2022.11.19"]
[Round "2.3"]
[White "Qu, Leo"]
[Black "Liu, Zachary"]
[Result "0-1"]
[WhiteElo "2033"]
[BlackElo "1932"]
[PlyCount "116"]
[EventDate "2022.11.19"]
[EventType "swiss"]
[EventRounds "5"]
[EventCountry "CAN"]

1. d4 d5 2. Nc3 Nf6 3. Bf4 e6 4. e3 Bb4 5. Bd3 c5 6. dxc5 Nbd7 7. Nge2 a6 8. a3
Bxc5 9. Bg3 Nh5 10. Nd4 Nxg3 11. hxg3 Nf6 12. Nb3 Bd6 13. g4 g6 14. Qe2 Qc7 15.
g5 Nd7 16. e4 dxe4 17. Nxe4 Be5 18. O-O-O b5 19. g3 Bb7 20. f4 Bg7 21. Nd6+
Qxd6 22. Bxb5 Bd5 23. Bc4 Kf8 24. Kb1 Nb6 25. Bxd5 exd5 26. Rhe1 Nc4 27. Qxc4
dxc4 28. Rxd6 cxb3 29. cxb3 Kg8 30. g4 h5 31. gxh6 Rxh6 32. Re2 Rh1+ 33. Ka2
Rg1 34. g5 Rf1 35. b4 Rxf4 36. Rd7 Rf5 37. Rg2 Be5 38. Rd5 Bf4 39. Rxf5 gxf5
40. Rf2 Bxg5 41. Rxf5 f6 42. b5 axb5 43. Rxb5 Kf7 44. Kb3 Kg6 45. Kc4 f5 46.
Kd5 Re8 47. a4 f4 48. Rb3 Kf5 49. Rf3 Kg4 50. Rf1 f3 51. a5 Be3 52. b4 f2 53.
b5 Kf3 54. Kc6 Ra8 55. a6 Rb8 56. Rd1 Ke2 57. Rb1 f1=Q 58. Rxf1 Kxf1 0-1

[Event "British Columbia-ch U20"]
[Site "Vancouver CAN"]
[Date "2022.11.19"]
[Round "2.4"]
[White "Qiu, Peter Yong"]
[Black "Guo, Veronica (Yu Han)"]
[Result "1/2-1/2"]
[WhiteElo "1885"]
[BlackElo "2029"]
[PlyCount "80"]
[EventDate "2022.11.19"]
[EventType "swiss"]
[EventRounds "5"]
[EventCountry "CAN"]

1. f4 d5 2. g3 c6 3. Bg2 Nd7 4. Nf3 e6 5. d3 f5 6. Nbd2 Ngf6 7. c3 Be7 8. O-O
h5 9. Ng5 Qb6+ 10. d4 Nf8 11. Qb3 Qxb3 12. Nxb3 b6 13. a4 a5 14. c4 Ba6 15.
cxd5 Nxd5 16. Re1 Kd7 17. Nf7 Rh7 18. Bd2 Ng6 19. e4 Nb4 20. Rac1 Rc8 21. Re3
Nd3 22. Rc2 Nh8 23. Nxh8 Rhxh8 24. exf5 exf5 25. Bf1 c5 26. dxc5 Nxc5 27. Nxc5+
Rxc5 28. Rxc5 Bxc5 29. Bxa6 Kc7 30. Kf1 Bxe3 31. Bxe3 h4 32. Bf2 hxg3 33. Bxg3
Rd8 34. Ke2 Re8+ 35. Kd2 Re4 36. Bb5 Kd6 37. Kd3 Rb4 38. Kc3 Re4 39. Kd3 Rb4
40. Kc3 Re4 1/2-1/2

[Event "British Columbia-ch U20"]
[Site "Vancouver CAN"]
[Date "2022.11.19"]
[Round "2.5"]
[White "He, Matthew"]
[Black "Wu, Nathan"]
[Result "0-1"]
[WhiteElo "1816"]
[BlackElo "2015"]
[PlyCount "74"]
[EventDate "2022.11.19"]
[EventType "swiss"]
[EventRounds "5"]
[EventCountry "CAN"]

1. d4 d5 2. c4 dxc4 3. e3 a6 4. Bxc4 e6 5. a4 Nf6 6. Nf3 c5 7. O-O Nc6 8. Nc3
Be7 9. Re1 O-O 10. b3 Bd7 11. e4 cxd4 12. Nxd4 Bb4 13. Bb2 Qb6 14. Nxc6 Bxc6
15. Qc2 Rfd8 16. Re2 Rac8 17. Rc1 Bc5 18. h3 Nh5 19. Kf1 Nf4 20. Rd2 Bd4 21.
Nd5 exd5 22. Bxd4 Qb4 23. exd5 Bxd5 24. f3 Ne6 25. Qb2 Bxc4+ 26. Rxc4 Rxc4 27.
bxc4 Qxb2 28. Rxb2 Rxd4 29. Rxb7 Rxc4 30. Rb8+ Nf8 31. Ra8 Rxa4 32. h4 g6 33.
g4 Ra2 34. h5 gxh5 35. gxh5 h6 36. f4 Kg7 37. f5 Nd7 0-1

[Event "British Columbia-ch U20"]
[Site "Vancouver CAN"]
[Date "2022.11.19"]
[Round "2.6"]
[White "Jiang, Kate"]
[Black "Amjadi, Borna"]
[Result "1/2-1/2"]
[WhiteElo "2006"]
[BlackElo "1759"]
[PlyCount "106"]
[EventDate "2022.11.19"]
[EventType "swiss"]
[EventRounds "5"]
[EventCountry "CAN"]

1. e4 e5 2. Nf3 Nc6 3. Bb5 Nf6 4. d3 d6 5. O-O Be7 6. c3 O-O 7. Re1 a6 8. Ba4
b5 9. Bc2 Bb7 10. Nbd2 Qd7 11. Nf1 Rfe8 12. Ng3 Bf8 13. Nf5 d5 14. Bg5 dxe4 15.
dxe4 Qxd1 16. Raxd1 Rad8 17. Bxf6 gxf6 18. Ne3 Ne7 19. Nh4 Kh8 20. Nhf5 Nxf5
21. Nxf5 Bc8 22. Ne3 Be6 23. Bb3 c6 24. g3 Bh6 25. Bxe6 fxe6 26. Nc2 a5 27. Na1
a4 28. Nc2 Bf8 29. Kf1 Kg8 30. g4 Kf7 31. Ke2 Bc5 32. Ne3 Bxe3 33. Kxe3 Ke7 34.
Rg1 Rxd1 35. Rxd1 Rd8 36. Rg1 h6 37. Ke2 Kf7 38. Rg3 Kg6 39. h4 c5 40. Rg1 Rd7
41. Ra1 a3 42. Rb1 b4 43. cxb4 cxb4 44. bxa3 bxa3 45. Rb6 Rc7 46. Kd3 Rc1 47.
Ra6 Rh1 48. f3 Rxh4 49. Rxa3 f5 50. Ra6 Kf7 51. gxf5 exf5 52. exf5 h5 53. Ke3
Rf4 1/2-1/2

[Event "British Columbia-ch U20"]
[Site "Vancouver CAN"]
[Date "2022.11.19"]
[Round "2.7"]
[White "Zou, Alex"]
[Black "Yang, Brian"]
[Result "0-1"]
[WhiteElo "1437"]
[BlackElo "1967"]
[PlyCount "44"]
[EventDate "2022.11.19"]
[EventType "swiss"]
[EventRounds "5"]
[EventCountry "CAN"]

1. e4 c5 2. Nf3 e6 3. Nc3 Nc6 4. Bb5 Nd4 5. Nxd4 cxd4 6. Ne2 Qg5 7. Bd3 Qxg2 8.
Ng3 Qh3 9. Bf1 Qh4 10. d3 Nf6 11. Be2 Bd6 12. O-O h5 13. f4 Ng4 14. Bxg4 hxg4
15. Qe2 b6 16. Bd2 Bb7 17. Be1 Qh3 18. Qg2 Rc8 19. Rc1 g6 20. Bf2 Bxf4 21. Bxd4
Bxc1 22. Bxh8 Be3+ 0-1

[Event "British Columbia-ch U20"]
[Site "Vancouver CAN"]
[Date "2022.11.19"]
[Round "2.8"]
[White "Xu, Andrew"]
[Black "Zhang, Joyce"]
[Result "0-1"]
[WhiteElo "1959"]
[BlackElo "1707"]
[PlyCount "82"]
[EventDate "2022.11.19"]
[EventType "swiss"]
[EventRounds "5"]
[EventCountry "CAN"]

1. e4 c5 2. Nf3 d6 3. Bb5+ Bd7 4. Bxd7+ Qxd7 5. c4 Nc6 6. Nc3 Nf6 7. O-O e6 8.
d4 cxd4 9. Nxd4 Be7 10. Be3 O-O 11. Rc1 Rfd8 12. f3 Rac8 13. Qe2 b6 14. Rfd1
Qb7 15. b3 h6 16. Qf2 Nd7 17. Qg3 Kh7 18. Ndb5 Nde5 19. f4 Ng6 20. f5 Nge5 21.
fxe6 fxe6 22. Qh3 a6 23. Nd4 Nxd4 24. Bxd4 Bg5 25. Rb1 Nc6 26. Be3 Bxe3+ 27.
Qxe3 Qc7 28. Ne2 Rf8 29. Rf1 b5 30. cxb5 axb5 31. Rbc1 Qd7 32. Ng3 Ne5 33. Qe2
Rxc1 34. Rxc1 Qa7+ 35. Kh1 Rf2 36. Qh5 Qxa2 37. Rg1 Ng6 38. Nf1 Nf4 39. Qh4
Rxf1 40. Qg3 Rxg1+ 41. Kxg1 Ne2+ 0-1

[Event "British Columbia-ch U20"]
[Site "Vancouver CAN"]
[Date "2022.11.19"]
[Round "2.9"]
[White "Wang, Jerry"]
[Black "Li, Anthony Zongyue"]
[Result "1-0"]
[WhiteElo "2019"]
[BlackElo "1332"]
[PlyCount "71"]
[EventDate "2022.11.19"]
[EventType "swiss"]
[EventRounds "5"]
[EventCountry "CAN"]

1. b3 d5 2. Bb2 Bf5 3. e3 Nf6 4. Nf3 e6 5. d4 Bd6 6. Be2 O-O 7. O-O Re8 8. c4
c6 9. Nbd2 Nbd7 10. Ne5 Rc8 11. Rc1 h6 12. a3 a5 13. c5 Bc7 14. f4 Ne4 15. Nxe4
Bxe4 16. Bh5 Rf8 17. Bf3 Nf6 18. Bc3 Ra8 19. Be1 Bxf3 20. gxf3 Qe7 21. Bh4 Kh8
22. Rc2 a4 23. b4 Rg8 24. Rg2 Qe8 25. Kh1 Nd7 26. Rfg1 Nxe5 27. fxe5 Bd8 28.
Bf6 Bxf6 29. exf6 g6 30. Qe1 e5 31. Qh4 Kh7 32. Rg3 h5 33. Rg5 Kh6 34. Rxe5 Qd7
35. Qg5+ Kh7 36. Qxh5+ 1-0

[Event "British Columbia-ch U20"]
[Site "Vancouver CAN"]
[Date "2022.11.19"]
[Round "2.10"]
[White "Qin, Kaiqi"]
[Black "Imoo, Joshua"]
[Result "1-0"]
[WhiteElo "1708"]
[BlackElo "1840"]
[PlyCount "39"]
[EventDate "2022.11.19"]
[EventType "swiss"]
[EventRounds "5"]
[EventCountry "CAN"]

1. e4 e5 2. Nc3 Nf6 3. f4 d5 4. fxe5 Nxe4 5. Qf3 Nxc3 6. bxc3 Be7 7. d4 O-O 8.
Bd3 c5 9. Ne2 Nc6 10. O-O Be6 11. Be3 b6 12. Ng3 Rc8 13. Qh5 g6 14. Qh6 Re8 15.
h4 c4 16. Be2 Bxh4 17. Bf3 Bxg3 18. Bg5 Ne7 19. Bg4 f5 20. Bf6 1-0

[Event "British Columbia-ch U20"]
[Site "Vancouver CAN"]
[Date "2022.11.19"]
[Round "3.1"]
[White "Song, Ethan"]
[Black "Yang, Brian"]
[Result "1-0"]
[WhiteElo "2152"]
[BlackElo "1967"]
[PlyCount "69"]
[EventDate "2022.11.19"]
[EventType "swiss"]
[EventRounds "5"]
[EventCountry "CAN"]

1. e4 c5 2. Nf3 e6 3. d4 cxd4 4. Nxd4 Nc6 5. Nc3 Qc7 6. Be3 a6 7. Be2 Nf6 8. a3
Be7 9. g4 d6 10. g5 Nd7 11. h4 b5 12. Nxc6 Qxc6 13. Qd4 O-O 14. h5 Rd8 15. h6
Bf8 16. O-O-O Ne5 17. b3 Bb7 18. f4 Rac8 19. Kb2 Ng6 20. f5 exf5 21. exf5 Ne5
22. hxg7 Bxg7 23. f6 Bf8 24. Bd2 Nf3 25. Bxf3 Qxf3 26. Qh4 h6 27. gxh6 d5 28.
Qg5+ Kh7 29. Rdg1 Bxa3+ 30. Kxa3 b4+ 31. Kxb4 Rg8 32. Qg7+ Rxg7 33. hxg7+ Qxh1
34. Rxh1+ Kg6 35. Rh8 1-0

[Event "British Columbia-ch U20"]
[Site "Vancouver CAN"]
[Date "2022.11.19"]
[Round "3.2"]
[White "Wu, Nathan"]
[Black "Liu, Zachary"]
[Result "0-1"]
[WhiteElo "2015"]
[BlackElo "1932"]
[PlyCount "96"]
[EventDate "2022.11.19"]
[EventType "swiss"]
[EventRounds "5"]
[EventCountry "CAN"]

1. d4 d5 2. Nf3 Nf6 3. Bf4 c5 4. e3 Nc6 5. Nc3 Bg4 6. Bb5 e6 7. h3 Bh5 8. g4
Bg6 9. Ne5 Rc8 10. Nxc6 bxc6 11. Ba6 Rb8 12. Bxb8 Qxb8 13. Na4 c4 14. a3 Qc7
15. Qd2 Ne4 16. Qd1 Qa5+ 17. c3 Qxa6 18. f3 Nf6 19. b3 Bd6 20. Kf2 cxb3 21.
Qxb3 Qd3 22. Rhd1 Qc2+ 23. Qxc2 Bxc2 24. Nb2 Bxd1 25. Nxd1 Kd7 26. c4 dxc4 27.
e4 e5 28. f4 Be7 29. dxe5 Nxe4+ 30. Ke3 Nc5 31. Rc1 f6 32. Rxc4 fxe5 33. fxe5
Ke6 34. Nc3 Rf8 35. Ne2 Kxe5 36. Ng3 g6 37. Ne4 Nxe4 38. Rxe4+ Kd6 39. Rd4+ Kc7
40. Ra4 Bc5+ 41. Ke4 Rf1 42. h4 Rh1 43. Ra5 Kb6 44. Ra4 Rxh4 45. Ke5 h5 46. Rf4
Rxg4 47. Rf3 Ra4 48. Rb3+ Kc7 0-1

[Event "British Columbia-ch U20"]
[Site "Vancouver CAN"]
[Date "2022.11.19"]
[Round "3.3"]
[White "Zhang, Joyce"]
[Black "Zhou, Aiden"]
[Result "0-1"]
[WhiteElo "1707"]
[BlackElo "2230"]
[PlyCount "60"]
[EventDate "2022.11.19"]
[EventType "swiss"]
[EventRounds "5"]
[EventCountry "CAN"]

1. e4 c6 2. d4 d5 3. Nd2 dxe4 4. Nxe4 Nf6 5. Nxf6+ exf6 6. Nf3 Bd6 7. Be3 O-O
8. Be2 Re8 9. O-O Bg4 10. h3 Bh5 11. c4 Nd7 12. Re1 Nf8 13. Qb3 Rb8 14. Rad1
Qc7 15. Nh4 Bxe2 16. Rxe2 Ng6 17. Nxg6 hxg6 18. Red2 f5 19. c5 Bh2+ 20. Kh1 f4
21. d5 fxe3 22. fxe3 cxd5 23. Rxd5 Re7 24. Qa4 Bg3 25. Qd4 Rbe8 26. Rd3 Qa5 27.
Rc3 Be5 28. Rxe5 Rxe5 29. a3 Qd8 30. Qf4 Qg5 0-1

[Event "British Columbia-ch U20"]
[Site "Vancouver CAN"]
[Date "2022.11.19"]
[Round "3.4"]
[White "Guo, Veronica (Yu Han)"]
[Black "Qin, Kaiqi"]
[Result "1-0"]
[WhiteElo "2029"]
[BlackElo "1708"]
[PlyCount "53"]
[EventDate "2022.11.19"]
[EventType "swiss"]
[EventRounds "5"]
[EventCountry "CAN"]

1. d4 Nf6 2. c4 g6 3. Nc3 d5 4. Bg5 Ne4 5. Nf3 Bg7 6. cxd5 Nxg5 7. Nxg5 e6 8.
Nf3 exd5 9. e3 c6 10. Bd3 Bg4 11. h3 Bxf3 12. Qxf3 Nd7 13. O-O O-O 14. b4 f5
15. b5 f4 16. bxc6 bxc6 17. Qd1 fxe3 18. fxe3 Qg5 19. Qc1 c5 20. Nxd5 Rxf1+ 21.
Bxf1 cxd4 22. Qc6 Rd8 23. Rd1 Kh8 24. Nf4 Be5 25. Qf3 Nf8 26. Nd5 Rxd5 27.
Qxf8# 1-0

[Event "British Columbia-ch U20"]
[Site "Vancouver CAN"]
[Date "2022.11.19"]
[Round "3.5"]
[White "Amjadi, Borna"]
[Black "Wang, Jerry"]
[Result "0-1"]
[WhiteElo "1759"]
[BlackElo "2019"]
[PlyCount "111"]
[EventDate "2022.11.19"]
[EventType "swiss"]
[EventRounds "5"]
[EventCountry "CAN"]

1. e4 e5 2. Nf3 Nc6 3. Bc4 Nf6 4. d3 d6 5. c3 Be7 6. Nbd2 O-O 7. O-O a6 8. Bb3
Ne8 9. d4 Kh8 10. Bc2 Bf6 11. dxe5 dxe5 12. Re1 Be6 13. Nf1 Qxd1 14. Rxd1 Nd6
15. Bg5 Bxg5 16. Nxg5 Bd7 17. Ne3 f6 18. Nf3 Be6 19. Nd5 Bxd5 20. Rxd5 g6 21.
Re1 Rad8 22. b3 Nb5 23. c4 Nbd4 24. Nxd4 Nxd4 25. Bb1 c6 26. Rxd8 Rxd8 27. f3
Kg8 28. Kf2 Kf7 29. g3 Ke7 30. Ke3 Ke6 31. f4 c5 32. fxe5 Kxe5 33. Rf1 Ne6 34.
Bc2 Rd4 35. h4 Rd7 36. g4 Nd4 37. Bb1 a5 38. g5 f5 39. exf5 gxf5 40. Rf2 b6 41.
Rf1 Ra7 42. h5 Rg7 43. Rg1 Ne6 44. g6 hxg6 45. hxg6 Kf6 46. Rf1 Nd4 47. Rh1
Rxg6 48. Rh8 Kg5 49. Rf8 Re6+ 50. Kf2 Kf4 51. Bd3 Rh6 52. Bf1 Rg6 53. Rh8 Rd6
54. Rh4+ Ke5 55. Rh5 Rf6 56. Rh8 0-1

[Event "British Columbia-ch U20"]
[Site "Vancouver CAN"]
[Date "2022.11.19"]
[Round "3.6"]
[White "Hossain, Azher"]
[Black "Jiang, Kate"]
[Result "0-1"]
[WhiteElo "1623"]
[BlackElo "2006"]
[PlyCount "74"]
[EventDate "2022.11.19"]
[EventType "swiss"]
[EventRounds "5"]
[EventCountry "CAN"]

1. d4 d5 2. c4 c6 3. Nf3 Nf6 4. e3 e6 5. Nc3 Nbd7 6. Qc2 Be7 7. Bd3 dxc4 8.
Bxc4 b5 9. Be2 a6 10. a4 b4 11. Ne4 Bb7 12. Nxf6+ Nxf6 13. O-O Rc8 14. Rd1 Qb6
15. a5 Qc7 16. Bd2 O-O 17. Rdc1 Rfd8 18. Qa4 c5 19. dxc5 Bxf3 20. Bxf3 Rxd2 21.
Qxb4 Rdd8 22. Qe1 Qb8 23. c6 Rc7 24. Be2 Bb4 25. Qf1 Ne4 26. Bxa6 Nc5 27. Bc4
Rxc6 28. a6 Qa7 29. Rd1 Rb8 30. Qe2 Ne4 31. Bd3 Nf6 32. Bb5 Rcb6 33. Bc4 Bf8
34. b3 Ne4 35. Rd4 Nd6 36. Bd3 g6 37. Bc2 Bg7 {Time} 0-1

[Event "British Columbia-ch U20"]
[Site "Vancouver CAN"]
[Date "2022.11.19"]
[Round "3.7"]
[White "Leong, Aiden"]
[Black "Qiu, Peter Yong"]
[Result "1-0"]
[WhiteElo "1955"]
[BlackElo "1885"]
[PlyCount "75"]
[EventDate "2022.11.19"]
[EventType "swiss"]
[EventRounds "5"]
[EventCountry "CAN"]

1. Nf3 f5 2. b3 d6 3. d4 g6 4. Bb2 Bg7 5. e3 a5 6. a3 Nf6 7. c4 c6 8. Nc3 Na6
9. Qc2 Bd7 10. Be2 O-O 11. O-O Qe8 12. Rad1 e5 13. dxe5 dxe5 14. Na4 e4 15. Ne5
Rd8 16. c5 Nd5 17. Nc4 Qe7 18. Bxg7 Kxg7 19. Nd6 Be6 20. Bxa6 bxa6 21. Nc3 Nc7
22. Rd2 Nb5 23. Ndxb5 axb5 24. Rfd1 Ra8 25. Rd4 Rfb8 26. R1d2 a4 27. bxa4 Qa7
28. axb5 Qxa3 29. h3 Ra5 30. Nxe4 Raxb5 31. Ng5 Bd5 32. Rxd5 cxd5 33. Rxd5 R8b7
34. c6 Rxd5 35. cxb7 Qa1+ 36. Kh2 Qe5+ 37. f4 Qd6 38. Qb2+ 1-0

[Event "British Columbia-ch U20"]
[Site "Vancouver CAN"]
[Date "2022.11.19"]
[Round "3.8"]
[White "Xu, Joey"]
[Black "Qu, Leo"]
[Result "0-1"]
[WhiteElo "1603"]
[BlackElo "2033"]
[PlyCount "65"]
[EventDate "2022.11.19"]
[EventType "swiss"]
[EventRounds "5"]
[EventCountry "CAN"]

1. e4 c6 2. Nc3 d5 3. Nf3 Bg4 4. Be2 e6 5. d4 Nf6 6. h3 Bh5 7. e5 Nfd7 8. g4
Bg6 9. h4 Bb4 10. Bd2 Bxc3 11. bxc3 c5 12. h5 Be4 13. Rg1 Nc6 14. Be3 Qa5 15.
Qd2 cxd4 16. cxd4 Nb4 17. Kf1 Bxf3 18. Bxf3 Nb6 19. Be2 Nc6 20. c3 Nc4 21. Bxc4
dxc4 22. Kg2 O-O-O 23. Qc2 f6 24. exf6 gxf6 25. f4 Rd7 26. Rab1 Rg8 27. Kh3 h6
28. Rg2 Rd5 29. Qe2 b5 30. Bd2 Nd8 31. Rb2 a6 32. Kh4 Qc7 33. Rb1 0-1

[Event "British Columbia-ch U20"]
[Site "Vancouver CAN"]
[Date "2022.11.19"]
[Round "3.9"]
[White "Harms, Reece"]
[Black "Xu, Andrew"]
[Result "1-0"]
[WhiteElo "1629"]
[BlackElo "1959"]
[PlyCount "100"]
[EventDate "2022.11.19"]
[EventType "swiss"]
[EventRounds "5"]
[EventCountry "CAN"]

1. e4 c6 2. d4 d5 3. e5 Bf5 4. h4 h5 5. Be2 g6 6. Nf3 Nd7 7. O-O e6 8. Nc3 Be7
9. Bg5 Bg4 10. Bxe7 Nxe7 11. Ng5 Bxe2 12. Nxe2 Nf5 13. g3 Qe7 14. a4 Nf8 15.
Nf4 c5 16. dxc5 Qxc5 17. Nd3 Qc7 18. Nf4 Rc8 19. Qd3 Nh7 20. Nfh3 Nxg5 21. Nxg5
O-O 22. Qb3 b6 23. c3 Qxe5 24. Rfe1 Qf6 25. a5 Rc4 26. Qa3 Nxh4 27. gxh4 Rxh4
28. Qxf8+ Kxf8 29. Nh7+ Ke7 30. Nxf6 Kxf6 31. axb6 axb6 32. Ra6 b5 33. Rb6 Rg4+
34. Kh2 Rf4 35. Kg2 Rg4+ 36. Kh3 Rf4 37. Kg2 Rg4+ 38. Kf3 Kf5 39. Re3 g5 40.
Rxb5 Rf4+ 41. Ke2 g4 42. Rb7 f6 43. Rh7 Kg6 44. Rh8 e5 45. Rg8+ Kf5 46. Rh8 Kg5
47. b4 d4 48. cxd4 Rxd4 49. Rb3 h4 50. b5 Rd7 1-0

[Event "British Columbia-ch U20"]
[Site "Vancouver CAN"]
[Date "2022.11.19"]
[Round "3.10"]
[White "Partovirad, Diba"]
[Black "Aljo, Johan"]
[Result "1-0"]
[WhiteElo "1581"]
[BlackElo "1932"]
[PlyCount "83"]
[EventDate "2022.11.19"]
[EventType "swiss"]
[EventRounds "5"]
[EventCountry "CAN"]

1. d4 Nf6 2. c4 e6 3. Nc3 d5 4. cxd5 exd5 5. Bg5 Be7 6. e3 O-O 7. Bd3 c6 8. Qc2
h6 9. Bh4 Re8 10. Nf3 Ne4 11. Bxe7 Qxe7 12. Bxe4 dxe4 13. Nd2 Bf5 14. O-O Nd7
15. Rae1 Nf6 16. a3 a5 17. Nb3 Bg6 18. Rc1 Nd5 19. Nxd5 cxd5 20. Qc7 a4 21.
Qxe7 Rxe7 22. Na1 Bh5 23. Rfe1 Bg4 24. Rc5 Be6 25. Rec1 Kf8 26. Nc2 Rd7 27. Nb4
Ke7 28. Rb5 Kd8 29. Rbc5 Ke7 30. Kf1 f5 31. Ke2 g5 32. g3 Rad8 33. Rg1 Kd6 34.
h4 Rc7 35. Rxc7 Kxc7 36. hxg5 hxg5 37. Rh1 Kd6 38. Na2 Rb8 39. Rh6 Rc8 40. Nc3
g4 41. Kd2 Rb8 42. Nxa4 1-0

[Event "British Columbia-ch U20"]
[Site "Vancouver CAN"]
[Date "2022.11.20"]
[Round "4.1"]
[White "Liu, Zachary"]
[Black "Song, Ethan"]
[Result "1/2-1/2"]
[WhiteElo "1932"]
[BlackElo "2152"]
[PlyCount "65"]
[EventDate "2022.11.19"]
[EventType "swiss"]
[EventRounds "5"]
[EventCountry "CAN"]

1. e4 e5 2. Nf3 Nc6 3. Nc3 Nf6 4. d4 exd4 5. Nxd4 Bb4 6. Nxc6 bxc6 7. Bd3 d5 8.
exd5 cxd5 9. O-O c6 10. Bg5 O-O 11. Qf3 Be7 12. h3 h6 13. Bh4 Be6 14. Ne2 Nd7
15. Bxe7 Qxe7 16. Qe3 Rfe8 17. Rfe1 Qd6 18. Qg3 Qxg3 19. Nxg3 Nc5 20. Be2 Na4
21. b3 Nc3 22. Bd3 Bd7 23. Ne2 Ne4 24. Bxe4 Rxe4 25. Ng3 Re6 26. f4 Rae8 27.
Kf2 Kf8 28. b4 Rxe1 29. Rxe1 Rb8 30. c3 c5 31. a3 cxb4 32. axb4 Rc8 33. Re3
1/2-1/2

[Event "British Columbia-ch U20"]
[Site "Vancouver CAN"]
[Date "2022.11.20"]
[Round "4.2"]
[White "Zhou, Aiden"]
[Black "Guo, Veronica (Yu Han)"]
[Result "1-0"]
[WhiteElo "2230"]
[BlackElo "2029"]
[PlyCount "73"]
[EventDate "2022.11.19"]
[EventType "swiss"]
[EventRounds "5"]
[EventCountry "CAN"]

1. d4 d5 2. c4 e6 3. Nf3 a6 4. g3 dxc4 5. Bg2 Nc6 6. O-O Rb8 7. e3 b5 8. b3
cxb3 9. axb3 Bb7 10. Qe2 Nf6 11. Bb2 Nb4 12. Rc1 Be7 13. Nbd2 Ne4 14. Nxe4 Bxe4
15. Bc3 Qc8 16. Bxb4 Bxb4 17. Ne5 Bxg2 18. Kxg2 Rb6 19. Qf3 O-O 20. Nc6 Bd6 21.
e4 f6 22. Rc3 Qd7 23. Rac1 Ba3 24. R1c2 Bb2 25. Rc5 b4 26. R2c4 Qd6 27. Qe3 e5
28. d5 Bc3 29. Qf3 Rb5 30. Ne7+ Qxe7 31. Rxc7 Qd6 32. R4c6 Qd8 33. Qg4 g6 34.
Qe6+ Kh8 35. Rc8 Rb8 36. Rxd8 Rbxd8 37. Rc7 1-0

[Event "British Columbia-ch U20"]
[Site "Vancouver CAN"]
[Date "2022.11.20"]
[Round "4.3"]
[White "Wang, Jerry"]
[Black "Leong, Aiden"]
[Result "1/2-1/2"]
[WhiteElo "2019"]
[BlackElo "1955"]
[PlyCount "106"]
[EventDate "2022.11.19"]
[EventType "swiss"]
[EventRounds "5"]
[EventCountry "CAN"]

1. c4 e6 2. d4 Nf6 3. Nf3 b6 4. g3 Bb7 5. Bg2 Bb4+ 6. Bd2 Bxd2+ 7. Nbxd2 d6 8.
e3 O-O 9. O-O a5 10. Qc2 Nbd7 11. Rfe1 Qe7 12. Rad1 Rfe8 13. h4 Ra7 14. Nb1 Ne4
15. Nc3 Nxc3 16. Qxc3 Nf6 17. Nd2 Bxg2 18. Kxg2 Nd7 19. Nf3 Raa8 20. e4 e5 21.
dxe5 Nxe5 22. Nxe5 Qxe5 23. Qxe5 Rxe5 24. Rd5 Rae8 25. Rxe5 Rxe5 26. f4 Re6 27.
Kf3 Kf8 28. Ke3 Ke7 29. Kd4 f6 30. g4 h6 31. h5 Kd7 32. Re3 Ke7 33. Rb3 Kd7 34.
Rb5 Re7 35. Rf5 Re6 36. Rb5 Re8 37. Rb3 Re7 38. Rg3 Re6 39. Rg1 Re7 40. Rb1 Re8
41. Rc1 Re7 42. Rc3 Re8 43. a3 Ke6 44. Rb3 Re7 45. Rb5 Kd7 46. Kd3 Ke6 47. Ke3
Re8 48. Rd5 Kd7 49. Rf5 Re6 50. Kf3 Ke7 51. Rd5 Kf7 52. Rd1 Re8 53. Ke3 Ke6
1/2-1/2

[Event "British Columbia-ch U20"]
[Site "Vancouver CAN"]
[Date "2022.11.20"]
[Round "4.4"]
[White "Jiang, Kate"]
[Black "Qiu, Andrew Yu"]
[Result "1-0"]
[WhiteElo "2006"]
[BlackElo "1866"]
[PlyCount "85"]
[EventDate "2022.11.19"]
[EventType "swiss"]
[EventRounds "5"]
[EventCountry "CAN"]

1. e4 e5 2. Nf3 Nc6 3. Bb5 Nf6 4. d3 d6 5. O-O Be7 6. c3 a6 7. Ba4 b5 8. Bc2
O-O 9. Re1 Nb8 10. d4 Nbd7 11. Nbd2 Bb7 12. Nf1 Re8 13. Ng3 Bf8 14. a4 c5 15.
d5 c4 16. h3 Nc5 17. Nh2 Rb8 18. Ng4 Bc8 19. Nh2 Bd7 20. axb5 axb5 21. Be3 Qc7
22. Ra2 Ra8 23. Qa1 Rxa2 24. Qxa2 Na4 25. Bxa4 Ra8 26. Qb1 Rxa4 27. Nhf1 b4 28.
cxb4 Rxb4 29. Bd2 Rb3 30. Qa2 Be7 31. Bc3 Rb8 32. Nd2 Bb5 33. Nf5 Bf8 34. Ne3
Rc8 35. Ra1 g6 36. Qa5 Qd7 37. Qb6 Bh6 38. Ra7 Qe8 39. Qxd6 Bxe3 40. fxe3 Nd7
41. Rb7 Ba4 42. Rb4 Bc2 43. Nxc4 1-0

[Event "British Columbia-ch U20"]
[Site "Vancouver CAN"]
[Date "2022.11.20"]
[Round "4.5"]
[White "Qu, Leo"]
[Black "Zhang, Joyce"]
[Result "1-0"]
[WhiteElo "2033"]
[BlackElo "1707"]
[PlyCount "103"]
[EventDate "2022.11.19"]
[EventType "swiss"]
[EventRounds "5"]
[EventCountry "CAN"]

1. d4 Nf6 2. Nc3 d5 3. Bf4 a6 4. e3 e6 5. g4 h6 6. g5 hxg5 7. Bxg5 Be7 8. Bd3
b6 9. Nf3 Nbd7 10. Bf4 c5 11. Rg1 Nh5 12. Bg5 Kf8 13. Qd2 Bxg5 14. Nxg5 Ndf6
15. O-O-O Qd6 16. dxc5 bxc5 17. f3 Bd7 18. Kb1 Rb8 19. Ka1 Qb6 20. Rb1 Qa5 21.
Rg2 c4 22. Bxc4 Qb6 23. Bb3 Qd8 24. Qd4 Qe7 25. f4 Bc6 26. a3 g6 27. Nf3 Ng7
28. Ne5 Be8 29. Qd3 Nf5 30. Re1 Qb7 31. Nf3 Ne4 32. Nd4 Nfd6 33. Nxe4 Nxe4 34.
Rb1 a5 35. Ba2 Nc5 36. Qc3 Qb6 37. Nxe6+ Nxe6 38. Qxh8+ Ke7 39. Qe5 Bc6 40. Rd2
f6 41. Qc3 Rd8 42. b4 a4 43. Rbd1 Qb7 44. f5 gxf5 45. Qd3 Qb6 46. Qxf5 Qxe3 47.
Qd3 Qe5+ 48. Kb1 Kf7 49. Rg1 f5 50. Qh3 Ng7 51. Rdg2 Rg8 52. Qh6 1-0

[Event "British Columbia-ch U20"]
[Site "Vancouver CAN"]
[Date "2022.11.20"]
[Round "4.6"]
[White "Yang, Brian"]
[Black "Harms, Reece"]
[Result "1-0"]
[WhiteElo "1967"]
[BlackElo "1629"]
[PlyCount "71"]
[EventDate "2022.11.19"]
[EventType "swiss"]
[EventRounds "5"]
[EventCountry "CAN"]

1. e4 e5 2. Nf3 Nc6 3. Bc4 Nf6 4. d3 Bc5 5. c3 d6 6. O-O Bg4 7. Nbd2 O-O 8. h3
Bh5 9. Re1 Qd7 10. a4 a5 11. Nf1 Ne7 12. Bg5 Ng6 13. Bxf6 gxf6 14. Ng3 Bxf3 15.
Qxf3 Nf4 16. Nf5 Kh8 17. Kh2 Ne6 18. Nh6 Kg7 19. Ng4 Nf4 20. g3 h5 21. gxf4
hxg4 22. Rg1 Rh8 23. Rxg4+ Kf8 24. fxe5 fxe5 25. Rag1 Re8 26. Qf6 d5 27. Qxh8+
Ke7 28. Qh4+ Kd6 29. Qh6+ Re6 30. Qf8+ Re7 31. Rg6+ fxg6 32. Rxg6+ Qe6 33. Qd8+
Rd7 34. Rxe6+ Kxe6 35. Bxd5+ Kd6 36. Qf6# 1-0